[Event "Stay Safe Play From Home 248"]
[Site "Emanuel Lasker Arena"]
[Date "2020.06.23"]
[Round "1"]
[White "Scorpio New"]
[Black "SecantFX"]
[Result "1-0"]
[WhiteElo "2157"]
[BlackElo "1882"]
[Annotator "TA"]
[PlyCount "113"]
[EventDate "2020.06.23"]
[EventType "swiss (blitz)"]

{[%evp 9,112,-33,16,13,39,5,53,29,50,18,66,68,139,145,195,191,184,168,168,166,260,147,176,184,181,138,146,122,131,121,128,127,170,189,211,202,360,349,1195,415,395,260,647,443,1157,500,1523,654,1533,875,1615,1637,1524,210,222,215,206,12,16,-168,-158,-150,-32,-154,144,-8,39,12,12,-14,108,53,130,137,182,215,379,373,479,471,713,635,920,839,29966,29970,29992,29993,29993,29994,29994,29970,29998,29997,29998,29999,29999,29995,29996,29997,29997,29996,29998,29999,29999]} 1. d3 b6 2. Nd2 Bb7 3. c3 {[#]} c5 $146 ({Predecessor:} 3... Nf6 4. Ngf3 g6 5. g3 Bg7 6. Bg2 O-O 7. O-O d6 8. Qc2 Nbd7 9. Re1 e6 10. b3 Qe7 11. Bb2 {½-½ (11) Moiseenko,V (2543)-Osmak,I (2408) Anogia 2019}) 4. Qc2 Nc6 5. e4 f6 6. Ngf3 {A00: Irregular Openings.} e5 7. g3 d6 8. Bg2 {White is slightly better.} Nge7 9. a4 Ng6 10. O-O a5 (10... d5 $14) 11. h4 $16 Be7 12. h5 Nf8 13. Nc4 Ne6 14. Qe2 h6 (14... O-O $142 15. Nh4 Re8) 15. Ncd2 (15. Nh4 $18) 15... Ba6 16. Nh4 O-O 17. Rd1 Re8 18. Nf5 Ng5 19. Nf1 Bf8 20. f4 exf4 21. gxf4 Ne6 22. Qg4 {Nxh6+ is the strong threat.} Qc7 $2 (22... Kh8 23. N1e3 Ne7 24. Nxh6 {[%mdl 64] Discovered Attack} gxh6) 23. Nxh6+ $18 Kh7 $2 (23... Kh8 24. Nf5 Rab8) 24. Nf5 (24. Qg6+ $142 Kh8 25. Nf7+ Qxf7 26. Qxf7) 24... Qf7 25. N1g3 Be7 $2 (25... Rad8 26. Be3 Ne7) 26. Nh4 Rg8 (26... Rad8 $142 27. e5 d5) 27. Ng6 (27. Qf5+ $142 Kh6 28. e5) 27... Bf8 {[#]} (27... Rgd8 $142 28. Qf5 Kg8) 28. Nf5 (28. Qf5 $142 $1 Rh8 29. Ne5+ {[%mdl 64] Discovered Attack} Kg8 30. Nxf7 Kxf7 31. Qd5) 28... Ne7 29. Be3 Nxg6 30. hxg6+ (30. Qxg6+ Qxg6 31. hxg6+ Kxg6 $16) 30... Qxg6 31. Qxg6+ $2 (31. Qh3+ Qh6 32. Nxh6 gxh6 33. Qxe6) 31... Kxg6 {[#]} 32. Nh4+ $1 Kf7 33. Nf3 $2 (33. f5 $18) 33... g6 $11 34. Bf2 $2 (34. f5 $11 gxf5 35. exf5) 34... Rd8 35. d4 cxd4 (35... Bh6 $17 36. Bf1 Bxf1 37. Rxf1 Nxf4) 36. cxd4 (36. Nxd4 $15 Nxf4 37. Nb5) 36... Nc7 $2 (36... Nxf4 $17 {stays on course.} 37. Be3 Nxg2 38. Kxg2 Re8) 37. Bf1 $2 (37. d5 $16) 37... Rd7 38. Bxa6 Nxa6 39. e5 fxe5 (39... Nb4 $11) 40. fxe5 {Black is on the road to losing.} (40. dxe5 $16 Bh6 41. Bxb6 (41. Rxd6 Rxd6 42. exd6 Bxf4 $16) (41. exd6 Bxf4 42. Bxb6 Rb8 $11)) 40... d5 {[#]} ({Better is} 40... Bg7 $14) 41. Bg3 $1 $36 {[%mdl 2048] White is in control.} Ke6 42. Ng5+ Ke7 $2 (42... Kf5 {is a better defense.}) 43. e6 $18 Rd8 44. Rf1 Rg7 (44... Ke8 $142 45. Rf7 Be7) 45. Rf2 Nb4 46. Raf1 {Threatening mate with Rf7+.} Rd6 47. Rf7+ {White mates.} Ke8 48. Rxf8+ Ke7 49. R8f7+ Rxf7 50. exf7 Kf8 51. Nh7+ Kg7 52. f8=Q+ {[%mdl 64] Double Attack} Kxh7 53. Qf4 Rf6 54. Qh4+ Kg7 55. Rxf6 g5 56. Qh6+ Kg8 57. Rf8# {Accuracy: White = 44%, Black = 22%.} 1-0

[Event "Stay Safe Play From Home 248"]
[Site "Emanuel Lasker Arena"]
[Date "2020.06.23"]
[Round "1"]
[White "Lazieri3"]
[Black "Bardellosport"]
[Result "1-0"]
[WhiteElo "2151"]
[BlackElo "1977"]
[PlyCount "39"]
[EventDate "2020.06.23"]
[EventType "swiss (blitz)"]

1. e4 {[%emt 0:00:01]} d6 {[%emt 0:00:00]} 2. Nc3 {[%emt 0:00:00]} g6 {[%emt 0:00:00]} 3. Nf3 {[%emt 0:00:01]} Bg7 {[%emt 0:00:00]} 4. d4 {[%emt 0:00:00]} e6 {[%emt 0:00:01]} 5. Be3 {[%emt 0:00:00]} Ne7 {[%emt 0:00:00]} 6. Qd2 {[%emt 0:00:01]} Nd7 {[%emt 0:00:01]} 7. Bh6 {[%emt 0:00:00]} Rg8 {[%emt 0:00:02]} 8. Bxg7 {[%emt 0:00:02]} Rxg7 {[%emt 0:00:00]} 9. Qh6 {[%emt 0:00:01]} Kf8 {[%emt 0:00:01]} 10. Ng5 {[%emt 0:00:01]} Ng8 {[%emt 0:00:02]} 11. Nxh7+ {[%emt 0:00:02]} Ke7 {[%emt 0:00:01]} 12. Qxg7 {[%emt 0:00:01]} Qe8 {[%emt 0:00:04]} 13. d5 {[%emt 0:00:02]} e5 {[%emt 0:00:01]} 14. Bb5 {[%emt 0:00:01]} c6 {[%emt 0:00:01]} 15. dxc6 {[%emt 0:00:02]} bxc6 {[%emt 0:00:00]} 16. Bxc6 {[%emt 0:00:01]} Rb8 {[%emt 0:00:00]} 17. Nd5+ {[%emt 0:00:01]} Kd8 {[%emt 0:00:01]} 18. O-O-O {[%emt 0:00:04]} Nc5 {[%emt 0:00:02]} 19. Nhf6 {[%emt 0:00:02]} Qxc6 {[%emt 0:00:01]} 20. Qxg8+ {[%emt 0:00:03] Bardellosport abbandona (Lag: Av=0.37s, max=0.4s)} 1-0

[Event "Stay Safe Play From Home 248"]
[Site "Emanuel Lasker Arena"]
[Date "2020.06.23"]
[Round "1"]
[White "Fischer_11"]
[Black "Mepe_Nika"]
[Result "0-1"]
[WhiteElo "2001"]
[BlackElo "2377"]
[Annotator "NA"]
[PlyCount "80"]
[EventDate "2020.06.23"]
[EventType "swiss (blitz)"]

1. e4 {[%emt 0:00:02]} g6 {[%emt 0:00:01]} 2. d4 {[%emt 0:00:01]} Bg7 {[%emt 0:00:00]} 3. Nc3 {[%emt 0:00:00]} d6 {[%emt 0:00:02]} 4. Bg5 {[%emt 0:00:00]} h6 {[%emt 0:00:01]} 5. Bh4 {[%emt 0:00:01]} Nd7 {[%emt 0:00:01]} 6. f4 {[%emt 0:00:01]} c5 {[%emt 0:00:01]} 7. dxc5 {[%emt 0:00:01]} Nxc5 {[%emt 0:00:01]} 8. Qd2 {[%emt 0:00:01]} Nf6 {[%emt 0:00:01]} 9. e5 {[%emt 0:00:02]} dxe5 {[%emt 0:00:02]} 10. Qxd8+ {[%emt 0:00:00]} Kxd8 {[%emt 0:00:00]} 11. fxe5 {[%emt 0:00:00]} Ng4 {[%emt 0:00:01]} 12. O-O-O+ {[%emt 0:00:00]} Kc7 {[%emt 0:00:04]} 13. Nd5+ {[%emt 0:00:03]} Kc6 {[%emt 0:00:03]} 14. Nxe7+ {[%emt 0:00:02]} Kb6 {[%emt 0:00:00]} 15. Nf3 {[%emt 0:00:06]} Be6 {[%emt 0:00:03]} 16. Nd5+ {[%emt 0:00:02]} Bxd5 {[%emt 0:00:02]} 17. Rxd5 {[%emt 0:00:00]} Ne3 {[%emt 0:00:03]} 18. Rd6+ {[%emt 0:00:06]} Kc7 {[%emt 0:00:02]} 19. Bf2 {[%emt 0:00:01]} Ne4 {[%emt 0:00:02]} 20. Bxe3 {[%emt 0:00:04]} Nxd6 {[%emt 0:00:00]} 21. exd6+ {[%emt 0:00:00]} Kxd6 {[%emt 0:00:00]} 22. Bd3 {[%emt 0:00:02]} Rae8 {[%emt 0:00:01]} 23. Rd1 {[%emt 0:00:01]} Rxe3 {[%emt 0:00:03]} 24. Bxg6+ {[%emt 0:00:02]} Kc7 {[%emt 0:00:01]} 25. Bxf7 {[%emt 0:00:01]} Rf8 {[%emt 0:00:01]} 26. Bd5 {[%emt 0:00:02]} Rd8 {[%emt 0:00:01]} 27. Bc4 {[%emt 0:00:05]} Rxd1+ {[%emt 0:00:02]} 28. Kxd1 {[%emt 0:00:00]} Bxb2 {[%emt 0:00:01]} 29. Bd3 {[%emt 0:00:02]} Re7 {[%emt 0:00:02]} 30. Kd2 {[%emt 0:00:00]} a6 {[%emt 0:00:01]} 31. a4 {[%emt 0:00:01]} Be5 {[%emt 0:00:02]} 32. g4 {[%emt 0:00:02]} Bf4+ {[%emt 0:00:01]} 33. Kc3 {[%emt 0:00:01]} Re3 {[%emt 0:00:01]} 34. Nd4 {[%emt 0:00:01]} Bxh2 {[%emt 0:00:02]} 35. Nf5 {[%emt 0:00:02]} Be5+ {[%emt 0:00:01]} 36. Kd2 {[%emt 0:00:01]} Rh3 {[%emt 0:00:01]} 37. Ke2 {[%emt 0:00:01]} Bf4 {[%emt 0:00:01]} 38. Nd4 {[%emt 0:00:01]} Bg5 {[%emt 0:00:01]} 39. Ne6+ {[%emt 0:00:00]} Kd6 {[%emt 0:00:00]} 40. Nd4 {[%emt 0:00:01]} Rh2+ {[%emt 0:00:01] Zeit (Lag: Av=0.39s, max=0.7s)} 0-1

[Event "Stay Safe Play From Home 248"]
[Site "Emanuel Lasker Arena"]
[Date "2020.06.23"]
[Round "1"]
[White "Haxhi Baha"]
[Black "Trotsky"]
[Result "1-0"]
[WhiteElo "1975"]
[BlackElo "1548"]
[PlyCount "49"]
[EventDate "2020.06.23"]
[EventType "swiss (blitz)"]

1. e4 {[%emt 0:00:02]} c5 {[%emt 0:00:01]} 2. Nf3 {[%emt 0:00:01]} e6 {[%emt 0:00:00]} 3. d4 {[%emt 0:00:00]} cxd4 {[%emt 0:00:01]} 4. Nxd4 {[%emt 0:00:00]} d6 {[%emt 0:00:00]} 5. Nc3 {[%emt 0:00:00]} Nc6 {[%emt 0:00:01]} 6. f4 {[%emt 0:00:00]} Nf6 {[%emt 0:00:02]} 7. Be3 {[%emt 0:00:01]} a6 {[%emt 0:00:02]} 8. Qf3 {[%emt 0:00:01]} Qc7 {[%emt 0:00:01]} 9. h3 {[%emt 0:00:01]} b6 {[%emt 0:00:01]} 10. g4 {[%emt 0:00:01]} Bb7 {[%emt 0:00:01]} 11. g5 {[%emt 0:00:01]} Nd7 {[%emt 0:00:04]} 12. O-O-O {[%emt 0:00:01]} O-O-O {[%emt 0:00:02]} 13. h4 {[%emt 0:00:03]} Kb8 {[%emt 0:00:01]} 14. Bg2 {[%emt 0:00:01]} Rc8 {[%emt 0:00:01]} 15. Rd2 {[%emt 0:00:07]} Nb4 {[%emt 0:00:01]} 16. Kb1 {[%emt 0:00:02]} e5 {[%emt 0:00:06]} 17. Nf5 {[%emt 0:00:04]} d5 {[%emt 0:00:02]} 18. exd5 {[%emt 0:00:08]} Nc5 {[%emt 0:00:07]} 19. Bxc5 {[%emt 0:00:12]} Bxc5 {[%emt 0:00:04]} 20. Rhd1 {[%emt 0:00:01]} Rhe8 {[%emt 0:00:04]} 21. a3 {[%emt 0:00:04]} e4 {[%emt 0:00:07]} 22. Nxe4 {[%emt 0:00:01]} Nxc2 {[%emt 0:00:05]} 23. Rxc2 {[%emt 0:00:01]} Bxd5 {[%emt 0:00:05]} 24. Rxd5 {[%emt 0:00:02] .} Red8 {[%emt 0:00:01]} 25. Rxd8 {[%emt 0:00:02] Âðåìÿ ' (Lag: Av=0.53s, max=0.6s)} 1-0

[Event "Stay Safe Play From Home 248"]
[Site "Emanuel Lasker Arena"]
[Date "2020.06.23"]
[Round "1"]
[White "NeatFox"]
[Black "SoulofWolf"]
[Result "0-1"]
[WhiteElo "1829"]
[BlackElo "2160"]
[Annotator "TA"]
[PlyCount "94"]
[EventDate "2020.06.23"]
[EventType "swiss (blitz)"]

{[%evp 9,93,-78,-61,-45,0,-32,-7,-59,2,0,4,-60,-57,-66,-47,-86,-81,-80,-91,-83,-66,-85,-76,-95,0,-30,76,-96,118,-82,127,43,64,70,75,0,0,-129,-132,-257,-127,-233,-155,-568,-549,-521,-534,-656,-647,-633,-633,-595,-597,-587,-600,-743,-546,-29983,-29984,-29983,-1281,-1281,-1171,-1191,-1139,-1266,-1197,-2215,-1666,-29991,-29992,-29992,-29993,-29993,-29994,-29994,-29995,-29995,-29996,-29996,-29997,-29998,-29998,-29998,-29999,-29999]} 1. g4 c5 2. Bg2 e6 3. c4 Ne7 {[#]} 4. Qb3 $146 ({Predecessor:} 4. Nc3 g6 5. d4 Nbc6 6. d5 Ne5 7. Bf4 Nxc4 8. Qb3 Nb6 9. d6 Nc6 10. Nf3 {1-0 (28) Reuschel,J-Poniz,A Trieste 1997}) 4... Nbc6 5. d3 Nd4 6. Qd1 {A00: Irregular Openings.} f5 7. gxf5 Ndxf5 8. e3 (8. h4 $11) 8... h6 (8... Ng6 $15) 9. e4 Nd4 10. Qh5+ (10. Nf3 $11) 10... g6 $15 11. Qd1 Bg7 12. Nc3 O-O 13. Nge2 Nec6 14. Nxd4 Nxd4 15. Ne2 Qf6 16. O-O Nc6 ({Black should try} 16... Nf3+ $17 17. Kh1 Qh4 $1 {[%mdl 512]} 18. Bxf3 Rxf3) 17. Rb1 Ne5 (17... d6 $11) 18. Qc2 $2 (18. f4 $16 Nc6 19. Be3) 18... h5 $2 (18... Nf3+ $17 19. Kh1 e5) 19. Bd2 $2 (19. f4 $16 Nc6 20. e5) 19... Ng4 $2 (19... Nf3+ $17 {keeps the pressure on.} 20. Kh1 e5) 20. Be1 ({Better is} 20. f4 $16) 20... Qh4 {[%csl Gg4][%cal Rh4h2]} 21. h3 {Black must now prevent f4.} Nh6 $1 22. Bc3 (22. f4 $16 Qe7 23. b4) 22... e5 $40 {[%mdl 128] With the idea ...d6. Black is up to no good.} 23. Ng3 (23. f4 $11 {remains equal.}) 23... d6 $17 24. b4 (24. Kh2 $17 {was called for.}) 24... b6 (24... Bxh3 $19 25. Be1 Ng4) 25. bxc5 (25. Be1 $17 {is a better defense.}) 25... dxc5 26. d4 $2 {White does not recover from this.} (26. Kh2 $17) 26... exd4 27. Bd2 Bxh3 28. Bxh3 Qxh3 29. Bxh6 Bxh6 30. e5 Kh7 31. Qe4 Rae8 32. Rbe1 Rf4 33. Qe2 Rh4 {[%csl Gh4][%cal Rh3h2]} 34. f4 {[#]} Qxg3+ (34... Rg4 $142 $1 35. Qh2 Rxg3+ 36. Kh1 Qg4 37. Rg1 Qf3+ 38. Rg2 Rh3 39. Qxh3 Qxh3+ 40. Rh2 Qf3+ {[%mdl 64] Double Attack} 41. Rg2 Bxf4 42. Kg1 Be3+ 43. Kh2 Rxe5 44. Ree2 Re4 45. Rxe3 Rh4+ 46. Kg1 dxe3 {[%mdl 64] Discovered Attack} 47. Rh2 Rg4+ 48. Rg2 Qxg2#) 35. Qg2 $19 Rg4 {[%csl Gg4][%cal Rg3g2]} 36. Qxg3 Rxg3+ 37. Kf2 h4 38. Rg1 Bxf4 {aiming for ...Be3+.} 39. Rxg3 Bxg3+ {Black mates.} 40. Kf3 Bxe1 {[%mdl 4096] Endgame} 41. Kg4 Rxe5 42. Kh3 d3 43. a4 d2 44. a5 d1=Q 45. a6 Qf3+ 46. Kh2 Re2+ 47. Kg1 Qg2# {Accuracy: White = 23%, Black = 41%.} 0-1

[Event "Stay Safe Play From Home 248"]
[Site "Emanuel Lasker Arena"]
[Date "2020.06.23"]
[Round "1"]
[White "Justwatch"]
[Black "Don59as"]
[Result "0-1"]
[WhiteElo "1805"]
[BlackElo "2030"]
[Annotator "NA"]
[PlyCount "54"]
[EventDate "2020.06.23"]
[EventType "swiss (blitz)"]

1. e4 {[%emt 0:00:00]} e5 {[%emt 0:00:01]} 2. Nf3 {[%emt 0:00:00]} Nc6 {[%emt 0:00:00]} 3. Bc4 {[%emt 0:00:00]} d6 {[%emt 0:00:01]} 4. d3 {[%emt 0:00:00]} Be7 {[%emt 0:00:01]} 5. Nc3 {[%emt 0:00:00]} Na5 {[%emt 0:00:01]} 6. Bb3 {[%emt 0:00:02]} Nxb3 {[%emt 0:00:01]} 7. axb3 {[%emt 0:00:00]} f5 {[%emt 0:00:00]} 8. exf5 {[%emt 0:00:01]} Bxf5 {[%emt 0:00:02]} 9. Ne2 {[%emt 0:00:00]} Nf6 {[%emt 0:00:01]} 10. Ng3 {[%emt 0:00:01]} Be6 {[%emt 0:00:01]} 11. Bg5 {[%emt 0:00:01]} O-O {[%emt 0:00:01]} 12. Bxf6 {[%emt 0:00:00]} Bxf6 {[%emt 0:00:01]} 13. O-O {[%emt 0:00:00]} Qd7 {[%emt 0:00:02]} 14. Qd2 {[%emt 0:00:01]} Bg4 {[%emt 0:00:01]} 15. Ne1 {[%emt 0:00:01]} a6 {[%emt 0:00:02]} 16. h3 {[%emt 0:00:01]} Be6 {[%emt 0:00:02]} 17. Nh5 {[%emt 0:00:01]} Rae8 {[%emt 0:00:02]} 18. Nxf6+ {[%emt 0:00:01]} Rxf6 {[%emt 0:00:00]} 19. Qg5 {[%emt 0:00:01]} Rg6 {[%emt 0:00:01]} 20. Qh4 {[%emt 0:00:01]} Bxh3 {[%emt 0:00:01]} 21. g3 {[%emt 0:00:03]} Bxf1 {[%emt 0:00:01]} 22. Kxf1 {[%emt 0:00:00]} Rf8 {[%emt 0:00:01]} 23. Ng2 {[%emt 0:00:01]} Rg4 {[%emt 0:00:03]} 24. Qh3 {[%emt 0:00:02]} Qf5 {[%emt 0:00:01]} 25. f4 {[%emt 0:00:05]} exf4 {[%emt 0:00:03]} 26. gxf4 {[%emt 0:00:00]} Rxf4+ {[%emt 0:00:02]} 27. Nxf4 {[%emt 0:00:01]} Qxh3+ {[%emt 0:00:01] Justwatch terk eder (Lag: Av=0.57s, max=1.1s)} 0-1

[Event "Stay Safe Play From Home 248"]
[Site "Emanuel Lasker Arena"]
[Date "2020.06.23"]
[Round "1"]
[White "Grazie"]
[Black "Buzaglo"]
[Result "1-0"]
[WhiteElo "1791"]
[BlackElo "1953"]
[PlyCount "91"]
[EventDate "2020.06.23"]
[EventType "swiss (blitz)"]

1. d4 {[%emt 0:00:01]} d5 {[%emt 0:00:01]} 2. c3 {[%emt 0:00:00]} e6 {[%emt 0:00:01]} 3. g3 {[%emt 0:00:00]} Nf6 {[%emt 0:00:02]} 4. Bg2 {[%emt 0:00:00]} c6 {[%emt 0:00:03]} 5. Nf3 {[%emt 0:00:01]} Be7 {[%emt 0:00:02]} 6. Bg5 {[%emt 0:00:00]} O-O {[%emt 0:00:01]} 7. Bxf6 {[%emt 0:00:01]} Bxf6 {[%emt 0:00:01]} 8. Nbd2 {[%emt 0:00:00]} e5 {[%emt 0:00:01]} 9. dxe5 {[%emt 0:00:01]} Be7 {[%emt 0:00:01]} 10. e4 {[%emt 0:00:00]} dxe4 {[%emt 0:00:03]} 11. Nxe4 {[%emt 0:00:01]} Nd7 {[%emt 0:00:01]} 12. O-O {[%emt 0:00:02]} Nc5 {[%emt 0:00:00]} 13. Nxc5 {[%emt 0:00:04]} Bxc5 {[%emt 0:00:00]} 14. Qxd8 {[%emt 0:00:02]} Rxd8 {[%emt 0:00:00]} 15. Rad1 {[%emt 0:00:01]} Be6 {[%emt 0:00:01]} 16. Nd4 {[%emt 0:00:02]} Bxa2 {[%emt 0:00:04]} 17. Rd2 {[%emt 0:00:03]} Bc4 {[%emt 0:00:03]} 18. Rfd1 {[%emt 0:00:02]} Re8 {[%emt 0:00:02]} 19. f4 {[%emt 0:00:02]} a5 {[%emt 0:00:02]} 20. Kh1 {[%emt 0:00:01]} a4 {[%emt 0:00:01]} 21. Nxc6 {[%emt 0:00:01]} bxc6 {[%emt 0:00:03]} 22. Bxc6 {[%emt 0:00:01]} Rac8 {[%emt 0:00:03]} 23. Bxe8 {[%emt 0:00:02]} Rxe8 {[%emt 0:00:00]} 24. Rd8 {[%emt 0:00:01]} Kf8 {[%emt 0:00:01]} 25. Kg2 {[%emt 0:00:05]} Ke7 {[%emt 0:00:03]} 26. Rxe8+ {[%emt 0:00:01]} Kxe8 {[%emt 0:00:00]} 27. Kf3 {[%emt 0:00:02]} a3 {[%emt 0:00:01]} 28. bxa3 {[%emt 0:00:01]} Bxa3 {[%emt 0:00:01]} 29. Rd4 {[%emt 0:00:00]} Be6 {[%emt 0:00:03]} 30. g4 {[%emt 0:00:02]} g6 {[%emt 0:00:01]} 31. Ke4 {[%emt 0:00:02]} Ke7 {[%emt 0:00:02]} 32. f5 {[%emt 0:00:01]} gxf5+ {[%emt 0:00:01]} 33. gxf5 {[%emt 0:00:00]} Bb3 {[%emt 0:00:01]} 34. h4 {[%emt 0:00:03]} Bc2+ {[%emt 0:00:01]} 35. Kf4 {[%emt 0:00:01]} Bc1+ {[%emt 0:00:00]} 36. Kg4 {[%emt 0:00:01]} Bd1+ {[%emt 0:00:01]} 37. Rxd1 {[%emt 0:00:01]} Bb2 {[%emt 0:00:01]} 38. Rd3 {[%emt 0:00:02]} Bc1 {[%emt 0:00:01]} 39. Kf3 {[%emt 0:00:01]} Ba3 {[%emt 0:00:00]} 40. h5 {[%emt 0:00:01]} Bc5 {[%emt 0:00:01]} 41. Ke4 {[%emt 0:00:00]} Bf2 {[%emt 0:00:01]} 42. f6+ {[%emt 0:00:00]} Ke8 {[%emt 0:00:01]} 43. Rd6 {[%emt 0:00:00]} Bc5 {[%emt 0:00:02]} 44. Rc6 {[%emt 0:00:00]} Bb4 {[%emt 0:00:01]} 45. Kf5 {[%emt 0:00:00] '} Ba3 {[%emt 0:00:01]} 46. e6 {[%emt 0:00:01] (Lag: Av=0.44s, max=1.0s)} 1-0

[Event "Stay Safe Play From Home 248"]
[Site "Emanuel Lasker Arena"]
[Date "2020.06.23"]
[Round "2"]
[White "Mepe_Nika"]
[Black "Scorpio New"]
[Result "1-0"]
[WhiteElo "2381"]
[BlackElo "2163"]
[Annotator "TA"]
[PlyCount "55"]
[EventDate "2020.06.23"]
[EventType "swiss (blitz)"]

{[%evp 9,55,13,16,12,12,8,35,25,26,28,39,22,56,44,61,11,8,-174,27,7,50,26,54,59,117,-83,-85,-178,29,24,73,76,61,47,43,-58,-29,-128,-125,-125,-118,-153,1163,1112,1049,855,745,693]} 1. d4 d6 2. Bf4 g6 3. e3 Nf6 4. Nf3 Nh5 5. Bg5 h6 6. Bh4 {A48: 1 d4 Nf6 2 Nf3 g6: Torre, London and Colle Systems.} Bg7 7. h3 {[#]} Nf6 $146 ({Predecessor:} 7... c5 8. g4 Nf6 9. c3 Nbd7 10. Nbd2 d5 11. Bg3 b6 12. Bb5 Bb7 13. Ne5 a6 {1-0 (29) Belousek,M (2096)-Marik,M (1946) Kouty nad Desnou 2010}) 8. Nbd2 {White is slightly better.} Nbd7 9. Bd3 O-O 10. O-O Kh7 11. Bg3 Qe8 12. c4 e5 13. Bh2 $2 (13. Bc2 $11 {and White stays safe.}) 13... c6 $2 ({Black should play} 13... e4 $19 14. Bc2 exf3 15. Qxf3 Qd8) 14. Qc2 b6 15. Rfe1 Bb7 16. c5 bxc5 (16... dxc5 $14 17. a3 (17. Nxe5 Nd5 $14) 17... exd4) 17. dxc5 $2 (17. Nc4 $1 $16 {[%cal Rc4d6]} Qe7 18. Nxd6 $1 {[%mdl 512]} (18. dxe5 dxe5 19. Ncxe5 Nxe5 $16) 18... Qxd6 19. dxe5 Nxe5 20. Bxe5) 17... Nxc5 $17 18. Nxe5 {[#]} (18. Bf1 $17) 18... Nxd3 $2 (18... Nd5 $1 $19 {[%cal Rd5b4] White must now prevent ...Nb4.} 19. Nxg6 fxg6 20. Bxd6 Nxd3 21. Qxd3 Rf6) 19. Nxd3 $11 d5 20. Nc5 Bc8 21. b4 Bf5 22. e4 (22. Qa4 $14) 22... Nxe4 $15 23. Ndxe4 (23. Rac1 $11) 23... Bxe4 24. Nxe4 Bxa1 ({Of course not} 24... dxe4 $6 25. Rxe4 Bxa1 26. Rxe8 $11) 25. Nf6+ Kg7 $2 (25... Bxf6 $17 26. Rxe8 Rfxe8) 26. Nxe8+ $18 {White is clearly winning.} Rfxe8 27. Rxe8 Rxe8 28. Bf4 {Accuracy: White = 50%, Black = 36%.} 1-0

[Event "Stay Safe Play From Home 248"]
[Site "Emanuel Lasker Arena"]
[Date "2020.06.23"]
[Round "2"]
[White "SoulofWolf"]
[Black "Grazie"]
[Result "1-0"]
[WhiteElo "2165"]
[BlackElo "1815"]
[Annotator "TA"]
[PlyCount "85"]
[EventDate "2020.06.23"]
[EventType "swiss (blitz)"]

{[%evp 10,85,4,1,25,18,14,22,37,-13,23,19,89,76,117,80,447,114,570,563,649,625,656,347,728,690,687,650,691,582,900,902,890,886,1213,1222,1225,1197,1282,1270,1254,1154,1137,1141,1110,1103,1100,635,1259,1136,1241,1116,1230,1100,1113,1109,1407,0,1208,1134,1227,1224,1318,1324,1269,1211,1341,1282,1610,1575,1688,1695,1781,1642,2295,2295,2328,2212]} 1. d4 e6 2. Nf3 d5 3. g3 Nf6 4. Bg2 Be7 5. O-O O-O 6. b3 a6 {D02: 1 d4 d5 2 Nf3 sidelines, including 2...Nf6 3 g3 and 2...Nf6 3 Bf4.} 7. Bb2 Nbd7 8. Nbd2 {[#]} c5 $146 {The position is equal.} ({Predecessor:} 8... b5 9. Ne5 Bb7 10. c4 bxc4 11. bxc4 Rb8 12. Rb1 Nxe5 13. dxe5 Nd7 14. cxd5 Bxd5 15. Bxd5 exd5 {0-1 (51) Babic,Z (2208)-Filipovic,B (2378) Pula 2018}) 9. Re1 cxd4 10. Nxd4 Qc7 (10... Nc5 $11 {remains equal.}) 11. Rc1 {Black is on the road to losing.} b5 12. c4 dxc4 $2 {[%mdl 8192] [#]} (12... bxc4 $16 13. bxc4 Qb6) 13. bxc4 $2 (13. Bxa8 $18 {is the precise move to win.} e5 14. N4f3) 13... b4 $2 {[%mdl 8192]} (13... Bb7 $16) 14. Bxa8 $18 Bc5 15. Bg2 Rd8 16. N4b3 Ba7 $2 {[#]} (16... Bxf2+ 17. Kh1 Bb7) 17. Qc2 a5 18. Nd4 Ne5 19. Nb5 Qb6 20. Nxa7 Qxa7 21. Bxe5 Nd7 22. Bf4 h6 23. Be3 Qa6 24. Nb3 Bb7 25. f3 a4 26. Nd4 {[%cal Bb3d4,Bd4b5,Bb5d6][%mdl 32]} Rc8 27. Kf2 Ne5 28. Nb5 Bc6 29. Nd6 Rc7 30. Ne4 Be8 31. Nd2 f6 32. Bf4 Ng6 33. Be3 $2 (33. Bxc7 $18 Qa7+ 34. c5 Qxc7 35. f4) 33... Bf7 $2 {[%mdl 8192]} (33... Ne5 $11 34. Bh3 Re7) 34. Qb1 {White is clearly winning.} e5 35. Qxb4 a3 36. Qb5 Qa8 37. c5 Qc8 38. Nb3 Bxb3 39. Qxb3+ Kh7 40. Red1 f5 41. Qb1 f4 42. gxf4 exf4 43. Bxf4 {Accuracy: White = 61%, Black = 27%.} 1-0

[Event "Stay Safe Play From Home 248"]
[Site "Emanuel Lasker Arena"]
[Date "2020.06.23"]
[Round "2"]
[White "Lazieri3"]
[Black "Haxhi Baha"]
[Result "1-0"]
[WhiteElo "2161"]
[BlackElo "1977"]
[Annotator "TA"]
[PlyCount "85"]
[EventDate "2020.06.23"]
[EventType "swiss (blitz)"]

{[%evp 9,84,12,14,10,10,7,9,0,7,8,10,-5,1,-11,6,-23,-31,-28,-4,-9,-8,-52,-15,-25,0,-54,-25,-179,269,268,257,258,256,249,265,266,275,265,325,321,321,318,318,307,318,318,542,532,685,685,1960,1900,1645,1326,29986,29987,29987,29988,29990,29991,29991,29992,29992,29993,29993,29994,29994,29995,29995,29996,29996,29996,29997,29997,29999,29999,29999]} 1. e4 e6 2. d4 d5 3. exd5 exd5 4. Bf4 c6 5. c3 Bd6 6. Bxd6 {C01: French: Exchange Variation.} Qxd6 7. Nf3 Nf6 {[#]} 8. Be2 $146 {The position is equal.} ({Predecessor:} 8. Bd3 O-O 9. O-O Bg4 10. h3 Bh5 11. Qd2 Nbd7 12. g4 Bg6 13. Na3 Bxd3 14. Qxd3 {0-1 (38) Vishaal Shah,D-Mwendwa,T (1229) Nairobi 2019}) 8... O-O 9. O-O Re8 10. h3 Ne4 11. Nbd2 Nd7 12. Nxe4 dxe4 13. Nd2 Nf6 14. Nc4 $36 {[%mdl 2048] Black is under pressure.} Qc7 15. Ne5 Bf5 16. Bc4 Nd5 17. f3 (17. Re1 $11) 17... Ne3 $15 18. Qe1 $2 (18. Qe2 $11 Nxc4 19. Nxc4) 18... Nxf1 $4 {[%mdl 8192]} (18... Nxc4 $19 19. Nxc4 exf3 {[%mdl 64] Discovered Attack}) 19. Bxf7+ $18 {[%mdl 64] [#] Double Attack. Black is now going downhill.} Kh8 {...Rxe5 is the strong threat.} 20. Bxe8 ({Not} 20. fxe4 Rxe5 21. dxe5 Bxh3 $11) 20... Rxe8 21. fxe4 ({Weaker is} 21. Kxf1 exf3 22. gxf3 Bxh3+ 23. Kf2 Rf8 $14) 21... Be6 22. Qxf1 h6 23. Ng6+ Kh7 24. Nf8+ Kg8 25. Nxe6 Rxe6 {[%mdl 4096] Endgame KQR-KQR} 26. Re1 Qe7 27. e5 c5 $2 (27... Qh4 28. a3 Qd8) 28. Qf3 cxd4 29. cxd4 Qd7 30. d5 Re8 31. e6 Qd6 32. Qf7+ {[%mdl 64] [#] Double Attack. White mates.} Kh7 33. Qxe8 Qc5+ 34. Kh1 Qf2 35. Rg1 Qd4 36. e7 Qxd5 37. Qf8 Qe6 38. e8=Q Qxe8 39. Qxe8 h5 40. Rf1 Kh6 41. h4 g6 42. Rf7 {[%cal Re8h8]} g5 43. Qe6# {Accuracy: White = 73%, Black = 46%.} 1-0